| 000 | 01786cam a22005054i 4500 | ||
|---|---|---|---|
| 003 | PE-LiUPU | ||
| 005 | 20250731165630.0 | ||
| 008 | 150616s r 000 0 d | ||
| 035 | _a(Sirsi) a6422 | ||
| 035 | _a(Sirsi) a6422 | ||
| 040 |
_aPE-LiUPU _bspa _cPE-LiUPU _erda |
||
| 049 | _aPRUA | ||
| 082 | 0 | 4 |
_a220.410 _bU61 _221 |
| 100 | 1 |
_aNida, Eugene Albert, _d1914-, _eautor. |
|
| 245 | 1 | 4 |
_aThe book of a Thousand Tongues / _c[editado por Eugene A. Nida]. |
| 264 | 1 |
_aNew York : _bUnited Bible Societies, _c1972. |
|
| 300 |
_a536 páginas ; _c29 cm. |
||
| 336 |
_atext _2rdacontent |
||
| 337 |
_aunmediated _2rdamedia |
||
| 338 |
_avolume _2rdacarrier |
||
| 505 | 0 | _aSynopsis of languages -- List of languages in which The Bible Societies have published the Scriptures Languages. | |
| 526 | _aSEG44 | ||
| 526 | _aSEG26 | ||
| 526 | _aP151 | ||
| 526 | _aP150 | ||
| 526 | _aP149 | ||
| 526 | _aP146 | ||
| 526 | _aP145 | ||
| 526 | _aP126 | ||
| 526 | _aP125 | ||
| 526 | _aP92 | ||
| 526 | _aP75 | ||
| 526 | _aP74 | ||
| 526 | _aP27 | ||
| 526 | _aP15 | ||
| 630 |
_aBiblia _xVersiones. |
||
| 650 | 0 | 4 | _aTextos políglotas, selecciones, citaciones, etc. |
| 910 |
_ajck _bjvq _cjck |
||
| 942 |
_2ddc _cBOOK |
||
| 949 |
_aRC 220.410 U61 _wDEWEY _c1 _i39690 _lRC _mBUL _r0 _sY _tBOOK _u2015-6-16 _xTEOLOGIA _zUNKNOWN _0COMPRA _o.CIRCNOTE. No olvidar cambiar la fecha de devolución!!!!!!! _o.STAFF. Colección General |
||
| 994 |
_aC0 _bPEPRU |
||
| 596 | _a1 | ||
| 999 |
_aRC 220.410 U61 _wDEWEY _c57554 _i39690 _f2021-11-8 _g6 _lCCODEBUL1 _mBUL _r1 _sY _tBOOK _u2015-6-16 _xTEOLOGIA _zUNKNOWN _0COMPRA _o.CIRCNOTE. No olvidar cambiar la fecha de devolución!!!!!!! _o.STAFF. Colección General _d57554 |
||
| 980 |
_81 _gALBERTO SANCHEZ Responsable de Automatización |
||